|
|
|
|
| LEADER |
00000cam a2200000 a 4500 |
| 001 |
vtls001161019 |
| 003 |
SK-MaSNL |
| 005 |
20260302031508.0 |
| 008 |
250414s1993 xxc r 0 eng |
| 020 |
|
|
|a 0888022689
|
| 035 |
|
|
|a SNK000103926
|
| 040 |
|
|
|a SNK
|b slo
|c SNK
|e AACR2
|
| 041 |
0 |
|
|a eng
|
| 044 |
|
|
|a xxc
|c CA
|
| 080 |
|
|
|a 025.32(73=20)
|2 1981
|
| 245 |
0 |
0 |
|a Anglo-American Cataloguing Rules
|b Amendments 1993 ; Text prepared Edward Swanson
|
| 250 |
|
|
|a 2. ed. 1988 rev.
|
| 260 |
|
|
|a Ottawa
|b Canadian Library Association
|c 1993
|
| 300 |
|
|
|a 21, [82] s.
|c 24 cm
|
| 700 |
1 |
|
|a Swanson, Edward
|4 tex
|9 679295
|
| 852 |
|
|
|a Slovenská národná knižnica
|
| 919 |
|
|
|a 0-88802-268-9
|
| 954 |
|
|
|a katalogizácia menná
|a popis menný
|
| 999 |
|
|
|c 1052607
|d 1054537
|
| 952 |
|
|
|a SNK
|b SNK
|y VYP
|7 0
|p 17A0027317
|o snkIB 66191 dopl.
|i snkV 1412/94
|8 2
|0 0
|1 0
|4 0
|d 1996-12-16
|l 0
|r 2005-01-01 00:00:00
|w 2026-02-24
|